[Event "FRA-chT2 1011"]
[Site "France"]
[Date "2010.11.13"]
[Round "2.1"]
[White "Stojanovic, Mihajlo"]
[Black "Becking, Stephan"]
[Result "1-0"]
[WhiteElo "2582"]
[BlackElo "2405"]
[PlyCount "61"]
[EventDate "2010.10.17"]
[EventType "team-tourn"]
[EventRounds "11"]
[EventCountry "FRA"]
[SourceTitle "EXT 2012"]
[Source "ChessBase"]
[SourceDate "2011.11.24"]
[SourceVersion "1"]
[SourceVersionDate "2011.11.24"]
[SourceQuality "1"]

1. Nf3 Nf6 2. c4 e6 3. Nc3 d5 4. d4 Be7 5. Bf4 0-0 6. e3 a6 7. cxd5 Nxd5 8. Nxd5 exd5 9. Bd3 Nc6 10. h3 Bb4+ 11. Nd2 Bd6 12. Qf3 Ne7 13. 0-0 c6 14. Rac1 Bf5 15. Bxd6 Bxd3 16. Bxe7 Qxe7 17. Rfd1 Qb4 18. Rc3 Bc4 19. Nxc4 dxc4 20. Qe2 b5 21. Rdc1 c5 22. d5 Rad8 23. e4 Qa5 24. Rd1 Rfe8 25. e5 Qc7 26. f4 Qb7 27. d6 Qc6 28. Re3 f6 29. exf6 gxf6 30. Qg4+ Kh8 31. Qf5 1-0

[Event "GER CupT"]
[Site "Germany"]
[Date "2010.02.20"]
[Round "1"]
[White "Becking, Stephan"]
[Black "Mutschnik, Illya"]
[Result "1/2-1/2"]
[WhiteElo "2412"]
[BlackElo "2439"]
[PlyCount "131"]
[EventDate "2010.02.20"]
[EventType "team-tourn"]
[EventRounds "2"]
[EventCountry "GER"]
[SourceTitle "CBM 135 Extra"]
[Source "ChessBase"]
[SourceDate "2010.05.04"]
[SourceVersion "1"]
[SourceVersionDate "2010.05.04"]
[SourceQuality "1"]

1. d4 Nf6 2. Nf3 g6 3. Bg5 Bg7 4. Nbd2 0-0 5. e3 d6 6. c3 Nbd7 7. Be2 h6 8. Bh4 e5 9. Ne4 Qe7 10. Nfd2 d5 11. Nxf6+ Bxf6 12. Bxf6 Qxf6 13. 0-0 Re8 14. f4 exd4 15. exd4 Qe7 16. Bf3 Nf6 17. Rf2 Qd6 18. Nf1 h5 19. h3 Bf5 20. g4 hxg4 21. hxg4 Bd7 22. f5 gxf5 23. gxf5 Bxf5 24. Rg2+ Bg6 25. Qd2 Kg7 26. Ng3 Qe6 27. Qg5 Rh8 28. Nf5+ Kf8 29. Nh4 Re8 30. Rf1 Bd3 31. Be2 Qe3+ 32. Qxe3 Rxe3 33. Bxd3 Rxh4 34. Bg6 Ke7 35. Bf5 Ne4 36. Bxe4 Rexe4 37. Rg7 Rhg4+ 38. Rxg4 Rxg4+ 39. Kh2 Ke6 40. Kh3 f5 41. Rf2 Kf6 42. Re2 Re4 43. Rg2 Re7 44. Rf2 Re3+ 45. Kh4 a5 46. Rg2 a4 47. a3 b6 48. Rg8 Re2 49. Rc8 Rxb2 50. Rxc7 Rb3 51. Rc6+ Ke7 52. Kg5 Kd7 53. Rh6 Kc7 54. Kxf5 Rxa3 55. Ke5 Rxc3 56. Kxd5 Kb7 57. Ke4 a3 58. d5 a2 59. Rh1 b5 60. Ra1 Rc2 61. Kd3 Rh2 62. Kc3 Kc7 63. Kb3 Kd6 64. Rxa2 Rxa2 65. Kxa2 Kxd5 66. Kb3 1/2-1/2

[Event "Oberliga Sued W 0910"]
[Site "Germany"]
[Date "2010.02.07"]
[Round "6.1"]
[White "Becking, Stephan"]
[Black "Lang, Torsten"]
[Result "1-0"]
[WhiteElo "2406"]
[BlackElo "2355"]
[PlyCount "119"]
[EventDate "2009.10.18"]
[EventType "team-tourn"]
[EventRounds "9"]
[EventCountry "GER"]
[SourceTitle "EXT 2011"]
[Source "ChessBase"]
[SourceDate "2010.11.26"]
[SourceVersion "1"]
[SourceVersionDate "2010.11.26"]
[SourceQuality "1"]
[WhiteTeam "Illingen"]
[BlackTeam "Landau"]
[WhiteTeamCountry "GER"]
[BlackTeamCountry "GER"]

1. d4 g6 2. Nf3 Bg7 3. g3 Nf6 4. Bg2 0-0 5. 0-0 d6 6. c4 Nbd7 7. Nc3 e5 8. e4 exd4 9. Nxd4 Re8 10. h3 a6 11. Be3 Rb8 12. Qc2 c5 13. Nde2 b5 14. Rad1 Qe7 15. cxb5 axb5 16. Bg5 Bb7 17. Nf4 Qe5 18. h4 b4 19. Nd3 Qe6 20. Nb5 Bxe4 21. Nc7 Qf5 22. Nxe8 Rxe8 23. f3 Bb7 24. g4 Nxg4 25. fxg4 Qxg4 26. Rf4 Qg3 27. Qf2 Qxg2+ 28. Qxg2 Bxg2 29. Nxc5 Nxc5 30. Kxg2 Re2+ 31. Rf2 Rxf2+ 32. Kxf2 Bxb2 33. Kf3 Nb7 34. Bd2 Bf6 35. Bxb4 Bxh4 36. a4 Be7 37. Rd5 Kg7 38. Rb5 Nd8 39. Rb6 Ne6 40. Bc3+ Kh6 41. a5 Ng5+ 42. Ke3 Bd8 43. Rxd6 Bxa5 44. Bxa5 f5 45. Kf4 Ne4 46. Rd3 Kg7 47. Bc3+ Kf7 48. Ke5 Nf6 49. Rd6 Ng4+ 50. Kf4 Nf2 51. Rd7+ Ke6 52. Rxh7 g5+ 53. Kf3 Ne4 54. Be1 Ke5 55. Re7+ Kf6 56. Ra7 Kg6 57. Ra6+ Kh5 58. Rc6 g4+ 59. Kf4 Ng3 60. Kxg3 1-0

[Event "Oberliga Sued W 0809"]
[Site "Germany"]
[Date "2009.03.15"]
[Round "8.1"]
[White "Becking, Stephan"]
[Black "Bastian, Herbert"]
[Result "1/2-1/2"]
[WhiteElo "2402"]
[BlackElo "2365"]
[PlyCount "146"]
[EventDate "2008.10.05"]
[EventType "team-tourn"]
[EventRounds "11"]
[EventCountry "GER"]
[SourceTitle "EXT 2012"]
[Source "ChessBase"]
[SourceDate "2011.11.24"]
[SourceVersion "1"]
[SourceVersionDate "2011.11.24"]
[SourceQuality "1"]
[WhiteTeam "Illingen"]
[BlackTeam "Saarbruecken SVG"]
[WhiteTeamCountry "GER"]
[BlackTeamCountry "GER"]

1. d4 Nf6 2. Bg5 e6 3. Nd2 c5 4. e3 b6 5. Ngf3 Bb7 6. Bd3 d6 7. c3 Be7 8. h3 Nbd7 9. Qe2 0-0 10. 0-0 e5 11. dxe5 dxe5 12. Bxf6 Bxf6 13. Rfd1 Qc7 14. Be4 Rfd8 15. Qd3 Nf8 16. Qc2 Ng6 17. c4 Be7 18. Nh2 Rab8 19. Bxb7 Qxb7 20. Nhf1 Qc6 21. Ng3 Nh4 22. f3 Qe6 23. Ndf1 f5 24. b3 Qg6 25. Kh1 Qe6 26. Rxd8+ Rxd8 27. Rd1 Rxd1 28. Qxd1 Qd6 29. Qc2 g6 30. Ne2 h5 31. Nc3 Qe6 32. Qd3 Kf7 33. Nb5 e4 34. fxe4 fxe4 35. Qd5 Qxd5 36. cxd5 a6 37. Nc3 Kf6 38. Nxe4+ Ke5 39. Nc3 b5 40. Nd2 Bg5 41. d6 Ke6 42. Nde4 Bxe3 43. Nd5 Nf5 44. d7 Kxd7 45. g4 hxg4 46. hxg4 Kc6 47. Nec3 Ng3+ 48. Kg2 Ne2 49. Ne7+ Kd7 50. Ncd5 Bd4 51. Nxg6 Nc1 52. Kf3 Nxa2 53. Ke4 Nc3+ 54. Nxc3 Bxc3 55. Nf4 a5 56. Nd5 Bg7 57. Kd3 Kd6 58. Nf4 Bh6 59. Ne2 Bg7 60. Nf4 Be5 61. Ne2 Kd5 62. g5 a4 63. bxa4 bxa4 64. g6 c4+ 65. Kc2 Ke6 66. Kb1 a3 67. Ka2 Bb2 68. Nf4+ Kf5 69. Nd5 Kxg6 70. Ne3 c3 71. Kb3 Kg5 72. Nc2 Kf4 73. Nxa3 Bxa3 1/2-1/2

[Event "Neckar op-A 12th"]
[Site "Deizisau"]
[Date "2008.03.23"]
[Round "7"]
[White "Becking, Stephan"]
[Black "Farago, Ivan"]
[Result "1/2-1/2"]
[WhiteElo "2387"]
[BlackElo "2475"]
[PlyCount "55"]
[EventDate "2008.03.20"]
[EventType "swiss"]
[EventRounds "9"]
[EventCountry "GER"]
[SourceTitle "CBM 123 Extra"]
[Source "ChessBase"]
[SourceDate "2008.05.06"]
[SourceVersion "1"]
[SourceVersionDate "2008.05.06"]
[SourceQuality "1"]

1. d4 e6 2. Nf3 c5 3. c3 Nf6 4. a3 b6 5. Bf4 Bb7 6. h3 Be7 7. e3 0-0 8. Nbd2 d6 9. Be2 Nbd7 10. 0-0 Qc7 11. Rc1 Rac8 12. Qc2 cxd4 13. exd4 Qb8 14. Rfe1 Rfd8 15. Bd3 Qa8 16. Bh2 a6 17. Re2 b5 18. Rce1 Bd5 19. Ng5 Nf8 20. f4 h6 21. Ngf3 Bc4 22. f5 Bxd3 23. Qxd3 Re8 24. Ne4 Nxe4 25. Rxe4 Qd5 26. R4e3 Bf6 27. Bg3 Red8 28. Nh4 1/2-1/2

[Event "Oberliga Sued W 0506"]
[Site "Germany"]
[Date "2006.01.15"]
[Round "5.1"]
[White "Becking, Stephan"]
[Black "Lambert, Andreas"]
[Result "1-0"]
[WhiteElo "2339"]
[BlackElo "2165"]
[PlyCount "77"]
[EventDate "2005.10.23"]
[EventType "team-tourn"]
[EventRounds "9"]
[EventCountry "GER"]
[SourceTitle "EXT 2007"]
[Source "ChessBase"]
[SourceDate "2006.11.23"]
[SourceVersion "1"]
[SourceVersionDate "2006.11.23"]
[SourceQuality "1"]
[WhiteTeam "Illingen"]
[BlackTeam "Ludwigshafen"]
[WhiteTeamCountry "GER"]
[BlackTeamCountry "GER"]

1. Nf3 d5 2. g3 c6 3. Bg2 Bf5 4. d3 e6 5. 0-0 Nf6 6. Nbd2 Be7 7. b3 h6 8. Bb2 0-0 9. Qe1 Bh7 10. e4 a5 11. a3 b5 12. Qe2 Qb6 13. h3 Qa6 14. Ne5 Nbd7 15. Nxd7 Nxd7 16. exd5 cxd5 17. Bxd5 Rac8 18. Rac1 Bc5 19. Bg2 Qd6 20. Qg4 f6 21. Ne4 Bxe4 22. dxe4 Ne5 23. Qe2 Bxa3 24. Rfd1 Qc5 25. Bd4 Qc7 26. Ra1 b4 27. Rd2 Nc6 28. Bc5 Rfd8 29. Rad1 Rxd2 30. Rxd2 Rd8 31. Rxd8+ Nxd8 32. Qb5 Nb7 33. Qe8+ Kh7 34. Bf8 e5 35. Bf1 Nd6 36. Bxd6 Qxd6 37. Bc4 Qd1+ 38. Kg2 h5 39. Bf7 1-0